Electrificación rural del municipio
Publicado:
San Jorge, núm. 86 - 87 (2n i 3r trimestre 1972), pàg 124 :
Materias:
Electrificació rural -- Sora
MARC
| LEADER | 00000nam a2200000Ia 4500 | ||
|---|---|---|---|
| 001 | |||
| 008 | 160829s9999 xx 000 0 cat d | ||
| 245 | |a Electrificación rural del municipio | ||
| 260 | |a San Jorge, núm. 86 - 87 (2n i 3r trimestre 1972), pàg 124 | ||
| 650 | |a Electrificació rural |x Sora |9 36669 | ||
| 901 | |a Arxiu | ||
| 942 | |n 1 | ||
| 952 | |0 0 |1 0 |4 0 |7 1 |9 47425 |a Arxiu |b Arxiu |d 2016-12-01 |l 0 |r 2016-12-01 00:00:00 |w 2016-12-01 |y ARXIU | ||
| 999 | |c 51223 |d 51223 | ||